书目信息 |
| 题名: |
制冷原理与设备
|
|
| 作者: | 李晓东 主编 | |
| 分册: | ||
| 出版信息: | 北京 机械工业出版社 2016.03 |
|
| 页数: | 280页 | |
| 开本: | 26cm | |
| 丛书名: | ||
| 单 册: | ||
| 中图分类: | TB6 | |
| 科图分类: | ||
| 主题词: | 制冷--职业教育--教材 , 制冷装置--职业教育--教材 | |
| 电子资源: | ||
| ISBN: | 978-7-111-52939-2 | |
| 000 | 01031nam0 2200277 450 | |
| 001 | 0120161807894 | |
| 005 | 20170418153647.01 | |
| 010 | @a978-7-111-52939-2@dCNY38.00 | |
| 100 | @a20160405d2016 em y0chiy50 ea | |
| 101 | 0 | @achi |
| 102 | @aCN@b110000 | |
| 105 | @aak z 000yy | |
| 106 | @ar | |
| 200 | 1 | @a制冷原理与设备@9zhi leng yuan li yu she bei@f李晓东主编 |
| 205 | @a2版 | |
| 210 | @a北京@c机械工业出版社@d2016.03 | |
| 215 | @a280页@c图@d26cm | |
| 300 | @a“十二五”职业教育国家规划教材 普通高等教育“十一五”国家级规划教材 辽宁省精品课程配套教材 | |
| 330 | @a本书共分三篇十二章,第一篇为制冷原理,包括单级蒸汽压缩式制冷循环、制冷剂与载冷剂等;第二篇为制冷压缩机,包括活塞式制冷压缩机、螺杆式制冷压缩机等;第三篇为制冷设备,包括蒸发器与冷凝器、节流装置、制冷系统辅助设备等。 | |
| 333 | @a职业教育 | |
| 606 | 0 | @a制冷@x职业教育@j教材 |
| 606 | 0 | @a制冷装置@x职业教育@j教材 |
| 690 | @aTB6@v5 | |
| 701 | 0 | @a李晓东@9li xiao dong@4主编 |
| 801 | 0 | @aCN@b人天书店@c20160405 |
| 905 | @b986561-64@dTB6@e371=2@f4 | |
| 制冷原理与设备/李晓东主编.-2版.-北京:机械工业出版社,2016.03 |
| 280页:图;26cm |
| “十二五”职业教育国家规划教材 普通高等教育“十一五”国家级规划教材 辽宁省精品课程配套教材.-使用对象:职业教育 |
| ISBN 978-7-111-52939-2:CNY38.00 |
| 本书共分三篇十二章,第一篇为制冷原理,包括单级蒸汽压缩式制冷循环、制冷剂与载冷剂等;第二篇为制冷压缩机,包括活塞式制冷压缩机、螺杆式制冷压缩机等;第三篇为制冷设备,包括蒸发器与冷凝器、节流装置、制冷系统辅助设备等。 |
| ● |
| 相关链接 |
|
|
|
|
正题名:制冷原理与设备
索取号:TB6/371=2
 
预约/预借
| 序号 | 登录号 | 条形码 | 馆藏地/架位号 | 状态 | 备注 |
| 1 | 986561 | 209865617 | 第二样本阅览室/ [索取号:TB6/371=2] | 在馆 | |
| 2 | 986562 | 209865626 | 第三借阅区/ [索取号:TB6/371=2] | 在馆 | |
| 3 | 986563 | 209865635 | 第三借阅区/ [索取号:TB6/371=2] | 在馆 | |
| 4 | 986564 | 209865644 | 密集书库-化学系/ [索取号:TB6/371=2] | 在馆 |